| 000 | 01143nab a2200217 i 4500 | ||
|---|---|---|---|
| 001 | 768714001 | ||
| 003 | CO-MdFUSB | ||
| 005 | 20240509163810.0 | ||
| 008 | 240509t1969 sp ||||| |||| 00| 0 spa d | ||
| 040 |
_bspa _cCO-MdFUSB _dCO-MdFUSB |
||
| 041 | _aspa | ||
| 100 |
_aBeemer, Theo, _eautor |
||
| 245 | 3 |
_aLa función hermenéutica de la teología moral _c/ Theo Beemer |
|
| 520 | _aLa Iglesia habla de la voluntad de Dios como norma de conducta humana, lo que muchos ven como una afirmación innecesaria sobre lo que ya se conoce como buena o mala conducta, una confirmación tardía o un intento de trascender la experiencia universal, que tiene como objetivo distinguir a los cristianos del resto de la humanidad para formar con ellos iniciativas mejor informadas. | ||
| 650 | 2 |
_aConciencia (Moral) _9927 |
|
| 650 | 7 |
_aÉtica social. _9186 |
|
| 653 | _aProfesión y responsabilidad en la sociedad | ||
| 773 | 0 |
_049450 _982608 _oR2535 _tRevista internacional de teología Concilium _w(CO-MdFUSB)8 _x0210-1041 _gNúmero 45, (mayo, 1969), páginas: 294 - 309 _qpágina: 294 |
|
| 942 | _cANA | ||
| 945 | _aCatherine Arias Alvarez - Practicante SENA | ||
| 999 |
_c69635 _d69635 |
||